Five barriers to sustainable brownfield development (Record no. 74007)

MARC details
000 -LEADER
fixed length control field 01329cab a2200229 4500
001 - CONTROL NUMBER
control field ABS67326
008 - FIXED-LENGTH DATA ELEMENTS--GENERAL INFORMATION
fixed length control field 040105n2003 000 0 eng u
035 ## - SYSTEM CONTROL NUMBER
System control number (Sirsi) u124702
100 ## - MAIN ENTRY--PERSONAL NAME
Personal name Williams, K.
245 ## - TITLE STATEMENT
Title Five barriers to sustainable brownfield development
260 ## - PUBLICATION, DISTRIBUTION, ETC.
Date of publication, distribution, etc. 2003
490 ## - SERIES STATEMENT
Series statement Town & Country Planning
Volume/sequential designation 72(11) December 2003, 344-345(2)
520 ## - SUMMARY, ETC.
Summary, etc. Reports on the findings of research undertaken by Oxford Brookes University which looks at the extent to which sustainability objectives have been incorporated into developments on brownfield sites. Focuses on five case studies of recently completed residential and mixed-use brownfield developments. The sites were chosen at random with the exception of the Beddington Zero Energy Development (BedZED) which was chosen for its sustainability credentials. The research investigated the involvement of different stakeholders in the development process. Concludes that very few sustainable objectives were achieved in the developments, with the exception of BedZED, and identifies five key reasons for this failure.
590 ## - LOCAL NOTE (RLIN)
Local note ABS
650 ## - SUBJECT ADDED ENTRY--TOPICAL TERM
Topical term or geographic name entry element Sustainability
9 (RLIN) 6271
650 ## - SUBJECT ADDED ENTRY--TOPICAL TERM
Topical term or geographic name entry element BROWNFIELD SITES
650 ## - SUBJECT ADDED ENTRY--TOPICAL TERM
Topical term or geographic name entry element RESIDENTIAL
650 ## - SUBJECT ADDED ENTRY--TOPICAL TERM
Topical term or geographic name entry element MIXED-USE DEVELOPMENTS
690 ## - LOCAL SUBJECT ADDED ENTRY--TOPICAL TERM (OCLC, RLIN)
Topical term or geographic name as entry element PROPERTY-PROPERTY DEVELOPMENT
700 ## - ADDED ENTRY--PERSONAL NAME
Personal name Dair, C.
942 ## - ADDED ENTRY ELEMENTS (KOHA)
Suppress in OPAC 0
Holdings
Withdrawn status Lost status Source of classification or shelving scheme Damaged status Not for loan Home library Current library Shelving location Date acquired Total Checkouts Full call number Barcode Date last seen Copy number Price effective from Koha item type
    Dewey Decimal Classification     London London Journal article 05/01/2004   ABS67326 124702-1001 06/08/2019 1 06/08/2019 Journal article